Čas pre verejnú správu 2.0 ?

Salvato in:
Dettagli Bibliografici
Autore principale: Černěnko, Tomáš, 1981-
Natura: Capitolo di libro
Lingua:slovacco
Soggetti:
Tags: Aggiungi Tag
Nessun Tag, puoi essere il primo ad aggiungerne!!

MARC

LEADER 00000nla$a2200000$$$4500
001 0109451
005 20240502083254.7
041 0 |a slo 
044 |a CZ 
245 1 0 |a Čas pre verejnú správu 2.0 ?  |c Tomáš Černěnko 
500 |a Prezentácia 
610 2 0 |a správa verejná 
610 2 0 |a správa verejná elektronická 
610 2 0 |a štandardizácia 
610 2 0 |a manažment 
100 1 |a Černěnko, Tomáš, 1981-